| 000 | 01067nam a2200337 i 4500 | ||
|---|---|---|---|
| 003 | EG-GICUC | ||
| 005 | 20260505135322.0 | ||
| 008 | 260505s1955 US ||||fr|||| 00| 0 eng d | ||
| 040 |
_aEG-GiCUC _beng _cEG-GiCUC _dEG-GiCUC _erda |
||
| 041 | 0 | _aeng | |
| 082 | 0 | 4 |
_221 _a343.9 _bDO . A |
| 092 | 0 | 4 | _221 |
| 099 | _aLaw1 10 343.9 DO . A 2 ed - 1955 | ||
| 100 | 1 |
_aDohr _eAuthor. |
|
| 245 | 1 | 0 |
_aAccounting and the law : _bproblem material to be used in conjunction with parts I and II / _cDohr, Thompson, Warren |
| 250 | _aSecond edition | ||
| 264 | 3 |
_aNew York : _bRonald Press, _c1955. |
|
| 300 |
_a17 pages ; _c24 cm |
||
| 336 |
_2rda content _atext |
||
| 337 |
_2rda media _aComputer |
||
| 338 |
_2rda carrier _aOnline Resource |
||
| 504 | _aIncludes bibliographical references. | ||
| 546 | _aText in English | ||
| 650 | 1 | 4 |
_aAccounting _2qrmak |
| 651 | 1 | _2qrmak | |
| 700 | 1 |
_aThompson _eContributor |
|
| 700 | 1 |
_aWarren _eContributor |
|
| 856 | 4 | 0 | _uhttps://fll.law.cu.edu.eg/fulltext/bks/B10-11924.pdf |
| 905 | _a74 | ||
| 942 |
_2ddc _n0 _cBK _e21 |
||
| 999 |
_c75734 _d75734 |
||